| 000 | 01036nam a22002657a 4500 | ||
|---|---|---|---|
| 005 | 20130501114152.0 | ||
| 010 | _aENG-106933 | ||
| 020 |
_a9780198090311 _c995.00 |
||
| 020 |
_a0198090315 _c995.00 |
||
| 035 | _aEN-90466 | ||
| 037 | _bDBAD/PUB | ||
| 082 | 0 | 4 |
_a368.400954 _223 |
| 100 | 1 |
_aKannan, K. P. _q(Kappadath Parameswara), _d1949- |
|
| 245 | 1 | 4 |
_aThe long road to social security : _bassessing the implementation of national social security initiatives for the working poor in India / _cedited by K.P. Kannan [and] Jan Breman |
| 260 |
_aNew Delhi _bOxford University Press _c2013 |
||
| 270 |
_aYMCA Library Building, 1 Jai Singh Road _bNew Delhi _e110001 |
||
| 300 |
_axxiii, 542 p. : _bill., maps ; _c23cm(Hb) |
||
| 500 | _aIncludes bibliographical references. | ||
| 650 | 0 |
_aSocial security _zIndia. |
|
| 650 | 0 |
_aWorking poor _zIndia _xEconomic conditions. |
|
| 650 | 0 |
_aWorking poor _zIndia _zSocial conditions. |
|
| 700 | 1 | _aKannan, K.P. | |
| 700 | 1 | _aBreman, Jan. | |
| 942 |
_2ddc _cEN _h368.400954 _mLON |
||
| 999 |
_c74920 _d74920 |
||